000 00395nam a2200169Ia 4500
008 230524s9999 xx 000 0 und d
020 _a8120310101
082 _a401
_bGRO
100 _aJohn Grossman
245 4 _aThe Chicago Manual of style
250 _a14TH
260 _aNEW DELHI
_bPHI
_c2002
300 _aIX;921
500 _aQuantity Number: 5
650 _aEnglish
942 _cBK
999 _c25237
_d25237